| 000 | 00682nam a2200217Ia 4500 | ||
|---|---|---|---|
| 008 | 191130s2000##################000#0#eng## | ||
| 020 | _a9780198184331 | ||
| 022 | _a38495 | ||
| 040 |
_aACL _cACL |
||
| 082 | _a793.89 CON | ||
| 100 | _aConnor, Steven | ||
| 245 |
_aDumbstruck : a cultural history of ventriloquism _cSteven Connor |
||
| 260 |
_aOxford _bOxford University Press _c2000 |
||
| 300 | _aviii, 449 p. : ill. ; 24 cm | ||
| 500 | _aIncludes bibliographical references (p. [418]-435) and index | ||
| 650 | _aVentriloquism - History | ||
| 650 | _aVentriloquism - Social aspects | ||
| 990 | _a980dd024ac10000c21767471bbd57bf8 | ||
| 991 | _a335212 | ||
| 999 |
_c154163 _d154163 |
||